Fr. Conceicao Rodrigues College of Engineering

Technic Manul 16 Bit (Record no. 30865)

MARC details
000 -LEADER
fixed length control field 00274nam a2200133Ia 4500
082 ## - DEWEY DECIMAL CLASSIFICATION NUMBER
Classification number 621.3
Item number Ibm
100 ## - MAIN ENTRY--PERSONAL NAME
Personal name IBM
245 ## - TITLE STATEMENT
Title Technic Manul 16 Bit
260 ## - PUBLICATION, DISTRIBUTION, ETC.
Name of publisher, distributor, etc. IBM Corpor.
Place of publication, distribution, etc. Flordia
Date of publication, distribution, etc. 1983
546 ## - LANGUAGE NOTE
Language note ENGLISH
654 ## - SUBJECT ADDED ENTRY--FACETED TOPICAL TERMS
Focus term Technic Manul
942 ## - ADDED ENTRY ELEMENTS (KOHA)
Koha item type BOOK
Holdings
Withdrawn status Lost status Damaged status Not for loan Collection Home library Current library Shelving location Date acquired Total Checkouts Full call number Barcode Date last seen Price effective from Koha item type
        AFT Fr. Agnel's C.Rodrigues College of Engineering Fr. Agnel's C.Rodrigues College of Engineering   17/03/2023   621.3 Ibm AFT5572 17/03/2023 17/03/2023 BOOK